ARRUPE JESUIT UNIVERSITY

CORONAVIRUS -STOP THE SPREAD - CLEAN,DISINFECT,COVER

L'éducation au Tchad : (Record no. 121982)

MARC details
000 -LEADER
fixed length control field 00905cam a2200265 a 4500
001 - CONTROL NUMBER
control field 1547969
003 - CONTROL NUMBER IDENTIFIER
control field ARRUPE
005 - DATE AND TIME OF LATEST TRANSACTION
control field 20150327020005.0
008 - FIXED-LENGTH DATA ELEMENTS--GENERAL INFORMATION
fixed length control field 910312s1990 fr ab b 000 0 fre
010 ## - LIBRARY OF CONGRESS CONTROL NUMBER
LC control number 91128364
020 ## - INTERNATIONAL STANDARD BOOK NUMBER
International Standard Book Number 2865372731
040 ## - CATALOGING SOURCE
Original cataloging agency DLC
Transcribing agency DLC
043 ## - GEOGRAPHIC AREA CODE
Geographic area code f-cd---
050 00 - LIBRARY OF CONGRESS CALL NUMBER
Classification number LA1786
Item number .M33 1990
082 00 - DEWEY DECIMAL CLASSIFICATION NUMBER
Classification number 370/.96743
Edition number 20
300 ## - PHYSICAL DESCRIPTION
Other physical details ill., 1 map ;
Dimensions 22 cm.
100 1# - MAIN ENTRY--PERSONAL NAME
Personal name Mbaïosso, Adoum,
Dates associated with a name 1948-
9 (RLIN) 14923
245 12 - TITLE STATEMENT
Title L'éducation au Tchad :
Remainder of title bilan, problèmes et perspectives /
Statement of responsibility, etc Adoum Mbaïosso ; préface de Marcel Postic.
260 ## - PUBLICATION, DISTRIBUTION, ETC. (IMPRINT)
Place of publication, distribution, etc Paris :
Name of publisher, distributor, etc Karthala,
Date of publication, distribution, etc c1990.
300 ## - PHYSICAL DESCRIPTION
Extent 271 p. :
504 ## - BIBLIOGRAPHY, ETC. NOTE
Bibliography, etc Includes bibliographical references.
650 #0 - SUBJECT ADDED ENTRY--TOPICAL TERM
Topical term or geographic name as entry element Education
Geographic subdivision Chad.
9 (RLIN) 14924
906 ## - LOCAL DATA ELEMENT F, LDF (RLIN)
a 7
b cbc
c orignew
d 3
e ncip
f 19
g y-gencatlg
942 ## - ADDED ENTRY ELEMENTS (KOHA)
Source of classification or shelving scheme Library of Congress Classification
Koha item type Monograph ( Printed materials)
Koha issues (borrowed), all copies 4
Holdings
Withdrawn status Lost status Source of classification or shelving scheme Damaged status Not for loan Collection code Home library Current library Shelving location Date acquired Total Checkouts Full call number Barcode Date last seen Date checked out Price effective from Koha item type
    Library of Congress Classification     Main Collection ARRUPE LIBRARY ARRUPE LIBRARY Main Collection 09/02/2015 4 LA1786 .M33 1990 46500002952 28/06/2018 26/03/2015 09/02/2015 Monograph ( Printed materials)

 

Arrupe Library. PO Box MP320 Mt Pleasant, Harare, Zimbabwe
263 242 745411|librarian@aju.ac.zw